[Event "EU-ch U12 Girls rapid"]
[Site "Terme Catez"]
[Date "2023.09.28"]
[Round "5"]
[White "Mijic, Sara"]
[Black "Sokolova, Milena"]
[Result "0-1"]
[WhiteElo "1722"]
[BlackElo "1203"]
[PlyCount "104"]
[EventDate "2023.09.28"]
[EventType "swiss (rapid)"]
[EventRounds "9"]
[EventCountry "SLO"]
[SourceTitle "EXT 2024"]
[Source "ChessBase"]
[SourceDate "2023.10.10"]
[SourceVersion "1"]
[SourceVersionDate "2023.10.10"]
[SourceQuality "1"]

1. e4 e5 2. Nf3 Nc6 3. Bc4 Nf6 4. Ng5 d5 5. exd5 b5 6. dxc6 bxc4 7. Qe2 Qd5 8. 0-0 Bd6 9. Qf3 e4 10. Qe3 Bc5 11. Qg3 Bd6 12. Qh4 h6 13. f4 Bc5+ 14. Kh1 Rf8 15. Nc3 Qxc6 16. Ngxe4 Nxe4 17. Nxe4 Be7 18. Qe1 Bb7 19. d3 cxd3 20. cxd3 f5 21. Bd2 fxe4 22. Rc1 Qd5 23. dxe4 Qxe4 24. Qxe4 Bxe4 25. Rfe1 Bf5 26. Rxc7 Bd7 27. g3 Kd8 28. Ba5 Ke8 29. Kg1 Rc8 30. Rxa7 Rf7 31. Rb7 Bc6 32. Ra7 Kf8 33. Raxe7 Rxe7 34. Bb4 Rce8 35. Bxe7+ Rxe7 36. Rxe7 Kxe7 37. Kf2 Ke6 38. b4 Kd5 39. g4 Kc4 40. a3 Kb3 41. Kg3 Kxa3 42. h4 Kxb4 43. h5 Kc5 44. g5 Kd6 45. gxh6 gxh6 46. Kg4 Bd7+ 47. Kh4 Ke7 48. Kg3 Kf6 49. Kh4 Kf5 50. Kg3 Be8 51. Kh4 Kxf4 52. Kh3 Bxh5 0-1